<?xml version="1.0" encoding="UTF-8"?>
<record
    xmlns:xsi="http://www.w3.org/2001/XMLSchema-instance"
    xsi:schemaLocation="http://www.loc.gov/MARC21/slim http://www.loc.gov/standards/marcxml/schema/MARC21slim.xsd"
    xmlns="http://www.loc.gov/MARC21/slim">

  <leader>00905nam a2200205 a 4500</leader>
  <controlfield tag="001">5988</controlfield>
  <controlfield tag="003">CDMR</controlfield>
  <controlfield tag="005">20151026133603.0</controlfield>
  <controlfield tag="008">130220s2006||||||||||||||||||||||||||||d</controlfield>
  <datafield tag="040" ind1=" " ind2=" ">
    <subfield code="a">CDMR</subfield>
    <subfield code="b">cat</subfield>
    <subfield code="c">CDMR</subfield>
  </datafield>
  <datafield tag="100" ind1="1" ind2=" ">
    <subfield code="a">Niqui, Cinto</subfield>
    <subfield code="9">904</subfield>
  </datafield>
  <datafield tag="245" ind1="1" ind2="0">
    <subfield code="a">Crisis en el model de la radiofusi&#xF3; internacional i en la programaci&#xF3; en castell&#xE0; i catal&#xE0; vers Europa (1978 - 1998)</subfield>
    <subfield code="b">: cronologia dels programes internacionals en llengua catalana del segle XX</subfield>
    <subfield code="c">Cinto Niqui Espinosa</subfield>
  </datafield>
  <datafield tag="260" ind1=" " ind2=" ">
    <subfield code="a">Barcelona</subfield>
    <subfield code="c">2006</subfield>
  </datafield>
  <datafield tag="300" ind1=" " ind2=" ">
    <subfield code="a">417 p ;</subfield>
    <subfield code="c">22 cm</subfield>
    <subfield code="e">+ 1 CD-ROM</subfield>
  </datafield>
  <datafield tag="500" ind1=" " ind2=" ">
    <subfield code="a">Tesi defensada a la Universitat Aut&#xF2;noma de Barcelona, Facultat de Ci&#xE8;ncies de la Comunicaci&#xF3;, Departament de Comunicaci&#xF3; Audiovisual i Publicitat, 2007</subfield>
  </datafield>
  <datafield tag="650" ind1="0" ind2="4">
    <subfield code="9">2805</subfield>
    <subfield code="a">Radiodifusi&#xF3; internacional</subfield>
    <subfield code="y">1978-1998</subfield>
  </datafield>
  <datafield tag="650" ind1="0" ind2="4">
    <subfield code="9">1724</subfield>
    <subfield code="a">R&#xE0;dio</subfield>
    <subfield code="x">Programaci&#xF3;</subfield>
  </datafield>
  <datafield tag="650" ind1="0" ind2="4">
    <subfield code="9">2994</subfield>
    <subfield code="a">Tesis i dissertacions acad&#xE8;miques</subfield>
  </datafield>
  <datafield tag="942" ind1=" " ind2=" ">
    <subfield code="c">TSN</subfield>
    <subfield code="2">udc</subfield>
  </datafield>
  <datafield tag="999" ind1=" " ind2=" ">
    <subfield code="c">5988</subfield>
    <subfield code="d">5988</subfield>
  </datafield>
  <datafield tag="952" ind1=" " ind2=" ">
    <subfield code="0">0</subfield>
    <subfield code="1">0</subfield>
    <subfield code="2">udc</subfield>
    <subfield code="4">0</subfield>
    <subfield code="7">1</subfield>
    <subfield code="a">CDMR</subfield>
    <subfield code="b">CDMR</subfield>
    <subfield code="d">2013-02-20</subfield>
    <subfield code="l">0</subfield>
    <subfield code="o">Eu /15</subfield>
    <subfield code="p">CDMR13097417K</subfield>
    <subfield code="r">2013-02-20</subfield>
    <subfield code="w">2013-02-20</subfield>
    <subfield code="y">TSN</subfield>
  </datafield>
</record>
